000 011620000a22002050004500
020 _a84-300-4475-5
041 0 _aSPA
082 0 4 _aG 274.94 B937e
245 1 0 _aEnrique Bullinger. Vida, Pensamiento y obra : la segunda confesión Helvética / Manuel Gutiérrez Marín
260 _aBarcelona , España : Instituto de Arte gráfico
300 _a295 p.
501 _arústico
505 0 0 _aLa Europa de Enrique Bullinger - Vida y primeros trabajos del joven Bullinger - Amistad con Zuinglio - Bullinger como sucesor de Zuinglio - Coincidencias con Calvino - Disensiones con Lutero y los "luteranos" - Contra el Concilio Tridentino - La hermenéutica o interpretación bíblica de Bullinger - Epistola a las iglesias y los pastores de Hungría - Prefacio general a la segunda confesión Helvética - La segunda confesión Helvetica o "helvetica posterior" - Índice Onomástico - Bibliografía - Epílogo - Ilustraciones y Fe de Erratas
650 1 4 _aREFORMA \ BIOGRAFIAS - REFORMADOR SUIZO \ TEOLOGIA
001 18167
942 _cBK
999 _c44639
_d44639
336 _atexto
_btxt
_2rdacontent
337 _2rdamedia
_asin mediación
_bn
338 _2rdacarrier
_avolumen
_bnc